| 000 | 01021nam a22002175i 4500 | ||
|---|---|---|---|
| 001 | 158375 | ||
| 003 | ES-MaACL | ||
| 005 | 20230906211121.0 | ||
| 008 | 940301s1879 sp |||| | spa d | ||
| 040 |
_aAS _bspa |
||
| 100 | 0 |
_aMacaulay, Thomas Babington Macaulay _cBaron. _975067 |
|
| 245 | 1 | 0 |
_aEstudios políticos / _cpor Lord Macaulay ; traducción directa del inglés por M. Juderías Bender. |
| 260 |
_aMadrid : _b[s.n.], _c1879 ( _fImprenta Central a cargo de Victor Sáiz) |
||
| 300 |
_aVIII, 406 p. ; _c19 cm. |
||
| 490 | 1 |
_aBiblioteca clásica ; _v19 |
|
| 505 | 8 | _aRevolución de Inglaterra ; Historia constitucional de Inglaterra ; El pontificado ; De las relaciones de la Iglesia y del Estado ; Del gobierno ; Diálogo entre Milton y Cowley sobre la gran guerra civil de Inglaterra / transcrito por un abogado del Midle-Temple | |
| 700 | 1 |
_aJuderías Bender, Mariano. _9128389 |
|
| 830 | 0 |
_aBiblioteca clásica ; _v19 _9180370 |
|
| 852 |
_aES-MaACL _jF-13134 _z-- Enc. tela |
||
| 999 |
_c158375 _d158375 |
||